Daňový poriadok - vybrané príklady z procesu
Pokračovanie príspevku z predchádzajúceho čísla. Daňové nejasnosti a problémy z aktuálnej hospodárskej praxe v procese daňovej správy a reality zdaňovania v SR.
Na minha lista:
| Autor principal: | |
|---|---|
| Formato: | Capítulo de Livro |
| Idioma: | eslovaco |
| Assuntos: | |
| Tags: |
Sem tags, seja o primeiro a adicionar uma tag!
|
MARC
| LEADER | 00000naa a2200000 4500 | ||
|---|---|---|---|
| 001 | 0196160 | ||
| 005 | 20231207112713.6 | ||
| 041 | 0 | |a slo | |
| 044 | |a SK | ||
| 245 | 1 | 0 | |a Daňový poriadok - vybrané príklady z procesu |c Emil Burák |
| 520 | |a Pokračovanie príspevku z predchádzajúceho čísla. Daňové nejasnosti a problémy z aktuálnej hospodárskej praxe v procese daňovej správy a reality zdaňovania v SR. | ||
| 610 | 2 | 0 | |a správa daňová |
| 610 | 2 | 0 | |a poriadok daňový |
| 610 | 2 | 0 | |a konanie daňové |
| 100 | 1 | |a Burák, Emil | |